විද්‍යා /

Saved in:
Bibliographic Details
Format: Book
Published: මීගමුව : අරටුව ප්‍රකාශන, 2025.
Tags: Add Tag
No Tags, Be the first to tag this record!

MARC

LEADER 00000nam a2200000 4500
003 LK-CoNLD
005 20260114143532.0
008 260114b |||||||| |||| 00| 0 ||| d
015 |2 slnb 
017 |a 9789557012230  |b LK-CoDNA 
040 |a LK-CoNLD  |b SIN  |c LK-CoNLD  |d LK-CoNLD 
082 |2 23  |q LK-CoNLD 
245 |a විද්‍යා /  |c නදී ගුණතිලක. 
260 |a මීගමුව :  |b අරටුව ප්‍රකාශන,  |c 2025. 
300 |a පි. 384 ;  |b මැබැ-බෝක : රු. 1500.00  |c සෙමී. 21. 
942 |c BOOK 
999 |c 296712  |d 296712 
945 |a 14  |b Mahinda MIHINDUKULASOORIYA  |c 14  |d Mahinda MIHINDUKULASOORIYA